Историята на Дарън Шан (Запис номер 93657)
[ съкратено ]
| 000 -Лидер | |
|---|---|
| Контролно поле с фиксирана дължина | 01958nam a2200421 c 4500 |
| 003 - Код на организацията, давaща контролен номер | |
| Контролно поле | BLK |
| 005 - Дата и час на последна редакция | |
| Контролно поле | 20240821103553.0 |
| 008 - Елементи от данни с фиксирана дължина | |
| fixed length control field | 180408b bul|||||r ||||||| ||bul|| |
| 010 ## - Наследен системен номер | |
| LC control number | KNG00098457000 |
| 020 ## - Международен стандартен номер на книга ISBN | |
| Международен стандартен номер на книга ISBN | 978-954-27-0401-0 |
| -- | издат.: Егмонт България - на том(кн. 3) |
| 040 ## - Източник на каталожния запис | |
| Идентификатор на билиотеката - собственик на записа | BLK |
| 041 ## - Код за език | |
| Код за езика на текст/звукозапис или на отделно заглавие | Български |
| Код за езика КДБФ | Български |
| 072 #7 - Код за тематичната категория | |
| Код организация | bullib |
| Код за тематична категория | Н83 |
| Текст | Чужда художествена литература Н |
| 080 ## - УДК | |
| Текстов определител УДК | Ирландска литература (на Ейре) на английски език (вж и 821.152.1) |
| УДК код - определител по УДК | 821.111(417) |
| УДК определител | -312.4 |
| УДК - код + определител | 821.111(417)-312.4 |
| 100 1# - Редна дума - Автор | |
| Автор | Шан, Дарън |
| Авторска отговорност | първи автор |
| Автор - информация (биография) | О'Шонеси, Дарън (O'Shaughnessy, Darren) |
| R(LIN) | 303015 |
| 139 ## - Редно поле | |
| Редна дума | Шан, Дарън |
| Авторски знак | Шан - Ш 22 |
| 245 10 - Сведения за заглавието | |
| Заглавие | Историята на Дарън Шан |
| Подзаглавни данни | Кн. 1 - |
| Редно поле (дума) | Дарън Шан; прев. Владимир Георгиев Молев; * Дарън О'Шонеси. |
| Том | Кн. 3 |
| Заглавие на том | Реки от кръв |
| 257 ## - Страна на издаване | |
| Страна на създаване/издаване | Ирландия |
| 260 ## - Област на издателските данни | |
| -- | София |
| Година на издаване | 2009 - |
| Печатница | Добрич : Фолиарт |
| 300 ## - Физическа характеристика | |
| Размери/Мащаб | 20 см |
| 380 ## - Жанр | |
| Жанр | Худож. лит. |
| 500 ## - Общи забележки | |
| Забележка | Дарън Шан - псевд. на Дарън О'Шонеси. - Офс. изд. |
| 653 ## - Ключова дума – ненормативна | |
| Ключова дума | вампири |
| 653 ## - Ключова дума – ненормативна | |
| Ключова дума | хорър |
| 653 ## - Ключова дума – ненормативна | |
| Ключова дума | романи |
| 653 ## - Ключова дума – ненормативна | |
| Ключова дума | литература за деца |
| 653 ## - Ключова дума – ненормативна | |
| Ключова дума | детска литература |
| 659 ## - Тематичен бюлетин | |
| Тематичен бюлетин | Н |
| 700 1# - Други автори (авторска отговорност) | |
| Лично име | Молев, Владимир Георгиев |
| Автороска отговорност (Описва отношението между автора и произведението) | прев. |
| 9 (RLIN) | 98667 |
| 700 1# - Други автори (авторска отговорност) | |
| Лично име | О'Шонеси, Дарън |
| Автороска отговорност (Описва отношението между автора и произведението) | * |
| 9 (RLIN) | 305547 |
| 760 1# - Описание на основната серия | |
| -- | - на том(кн. 3) |
| Редна дума на основното описание | Шан, Дарън |
| Място на издаване, издател и година | Егмонт България, 2009 |
| Страници - том | 160 с. |
| Забележка - том | Ориг. загл. Tunnels of Blood / Darren Shan. |
| Заглавие | Кн. 3 Реки от кръв |
| 852 ## - Местоположение | |
| Форматна сигнатура | Цб 246063 |
| 856 4# - Електронен адрес и достъп | |
| Електронен формат | pdf - файл |
| Път до файла /url/ | |
| 856 4# - Електронен адрес и достъп | |
| Електронен формат | pdf - файл |
| Път до файла /url/ | |
| 942 ## - АРТИКУЛИ | |
| Вид на библиотечния материал | Книги |
| Скрит в OPAC | Не |
| Koha issues (borrowed), all copies | 7 |
| 944 ## - СЪЗДАВАНЕ И РЕДАКЦИЯ на ЗАПИСА | |
| Създаване/Редакция | Създаване |
| Дата на регистрацията/редакция | 01.12.2010 |
| Статус, дата на статуса | Лиляна Коева |
| Служител, извършил регистрацията/редакцията | 30532 |
| 944 ## - СЪЗДАВАНЕ И РЕДАКЦИЯ на ЗАПИСА | |
| Създаване/Редакция | Редакция |
| Дата на регистрацията/редакция | 17.03.2015 |
| Статус, дата на статуса | ф / |
| Служител, извършил регистрацията/редакцията | Людмила_Стоянова |
| 999 ## - СИСТЕМНИ КОНТРОЛНИ НОМЕРА | |
| Koha biblionumber | 93657 |
| Koha biblioitemnumber | 93657 |
| Код за отписване | Код за изгубен артикул | Код за повреда | Коз за рестрикции | Код за отдаване | Артикулен № | Име на библиотеката - собственик | Име на библиотеката, в която се намира в момента | Статус (Текущо местоположение) | Дата на вписване в системата | Местоположение - отдел | Цена в лева | Инвентарен номер | Систематично азбучна сигнатура | Баркод | Номер на екземпляра | Цена в евро | Служебна бележка | Служебен тип на артикула |
|---|---|---|---|---|---|---|---|---|---|---|---|---|---|---|---|---|---|---|
| Не е изгубен | Не е повреден | без рестрикции | ползва се в читалня | 150386 | Регионална библиотека "Любен Каравелов" Русе | Регионална библиотека "Любен Каравелов" Русе | Хранилище | 2010-11-23 | Хранилище | 5.99 | 120000747774 | Цб 246063 | 120000747774 | 1 | 3.06 | Дост: Dp Вид: Д N: 14 Дата: 24.03.2010 | Книги | |
| Не е изгубен | Не е повреден | без рестрикции | заемане за дома | 150387 | Регионална библиотека "Любен Каравелов" Русе | Регионална библиотека "Любен Каравелов" Русе | Детски отдел | 2012-05-16 | Детски отдел | 4.79 | 120000757354 | ДХ 820/899/Ш 22 | 120000757354 | 2 | 2.45 | Дост: DA Вид: А N: 7 Дата: 16.05.2012 Дата инв: 31.08.2015 Бележки инв: Д2015 | Книги | |
| Не е изгубен | Не е повреден | без рестрикции | заемане за дома | 150388 | Регионална библиотека "Любен Каравелов" Русе | Регионална библиотека "Любен Каравелов" Русе | Детски отдел | 2015-02-27 | Детски отдел | 5.99 | 120000785987 | ДХ 820/899/Ш 22 | 120000785987 | 3 | 3.06 | Дост: DA Вид: А N: 6 Дата: 27.02.2015 | Книги |